Vista normal
Vista MARC
Entrada Personal Name
Número de registros utilizados en: 1
001 - CONTROL NUMBER
- control field: 8732
003 - CONTROL NUMBER IDENTIFIER
- control field: DLC
005 - DATE AND TIME OF LATEST TRANSACTION
- control field: 20220819115435.0
008 - FIXED-LENGTH DATA ELEMENTS
- fixed length control field: 880607n| acannaabn |n aaa
010 ## - LIBRARY OF CONGRESS CONTROL NUMBER
- LC control number: n 88120986
035 ## - SYSTEM CONTROL NUMBER
- System control number: (OCoLC)oca02294706
040 ## - CATALOGING SOURCE
- Original cataloging agency: DLC
- Language of cataloging: spa
- Transcribing agency: Mx-PuUPA
- Modifying agency: DLC
- Modifying agency: OCoLC
- Modifying agency: Mx-PuUPA
- Description conventions: rda
100 1# - HEADING--PERSONAL NAME
- Personal name: Lipkin, Lawrence,
374 ## - OCCUPATION
- Occupation: Autor
375 ## - GENDER
- Gender: mujer
377 ## - ASSOCIATED LANGUAGE
- Language code: eng
670 ## - SOURCE DATA FOUND
- Source citation: His Accountant's handbook of formulas and tables, c1988:
- Information found: CIP t.p. (Lawrence Lipkin; prof. of math., emeritus, Univ. of Ill., Chicago)
670 ## - SOURCE DATA FOUND
- Source citation: LC data base, 6-6-88
- Information found: (hdg.: Lipkin, Lawrence)
670 ## - SOURCE DATA FOUND
- Source citation: Biblioteca del congreso (Estados Unidos), 18 enero 2019:
- Information found: catálogo electrónico
- Uniform Resource Identifier: https://goo.gl/VBUJ4r